000
00195nam a22000977a 4500
082
_a
920
_b
HIT/M
100
_a
ADOLF, HITLER
245
_a
MEIN KAMPH
246
_a
MEIN KAMPH
_b
MEIN KAMPH
942
_c
BK
999
_c
8238
_d
8238